000
00301nam a22001337a 4500
008
170216b xxu||||| |||| 00| 0 eng d
020
_a
9781418067069
041
_a
eng
080
_2
9TH
_a
61
100
_a
4
101
_a
SHM
245
_a
UNDERSTANDING HEALTH INSURANCE
_c
GREEN, M.A
942
_2
udc
_c
BK
999
_c
5631
_d
5631